000 00713cam a2200241 a 4500
001 000014528
005 20260420181238.0
008 750822s1971 mx 000 0 spa d
035 _a(DLC) 75512095
040 _aDO-SdBNP
_bspa
_cBNPHU
_dDLC
082 _a335.97291
_bC514s
100 1 _aChe Guevara, Ernesto,
_d1928-1967.
_927368
245 1 3 _aEl socialismo y el hombre en Cuba /
_cErnesto Che Guevara.
260 _aMéxico :
_bGrijalbo,
_c1971.
300 _a160 p. ;
_c18 cm.
490 1 _a70
_v98
650 4 _aSocialismo en cuba
_932437
650 4 _aComunismo
_zCuba
_932871
650 0 _aComunismo y sociedad
_932559
830 0 _a70 ;
_v98
_932872
910 _aCatalogación derivada
049 _aBNGR
999 _c14116
_d14116